{"text_format":"3","workbook":"xlsx","n_sheets":1,"sheets":["t590"],"read":"whole","date_system":"1900"}

{"sheet":"t590","index":0,"n_rows":201,"n_cols":7,"rows_kept":201,"merged":[[0,0,0,6],[30,0,30,5],[48,0,48,5],[155,0,155,5]]}
["TABELA 590.1 - Estatísticas Agrícolas, Município de Tapiratiba, Estado de São Paulo, 2007/08."]
["ITEM","UNIDADE","N.DE UPAs","MÍNIMO","MÉDIO","MÁXIMO","TOTAL"]
["Distância à sede do município","km",248,0.1,{"v":5.96,"d":"6.0"},{"v":20,"d":"20.0"},"-"]
["Área total","hectare",248,0.2,{"v":82.65,"d":"82.7"},{"v":2277.6,"d":"2,277.6"},{"v":20496.2,"d":"20,496.2"}]
["Área com cultura perene","hectare",79,0.1,{"v":32.81,"d":"32.8"},404.6,{"v":2592.2,"d":"2,592.2"}]
["Área com cultura temporária","hectare",130,0.1,{"v":38.34,"d":"38.3"},396.1,{"v":4984.4,"d":"4,984.4"}]
["Área com pastagem","hectare",207,0.1,{"v":32.82,"d":"32.8"},677.9,{"v":6792.9,"d":"6,792.9"}]
["Área com reflorestamento","hectare",51,0.1,13.5,169.4,688.7]
["Área com vegetação natural","hectare",136,0.1,{"v":21.21,"d":"21.2"},316.7,{"v":2884.65,"d":"2,884.7"}]
["Área com vegetação de brejo e várzea","hectare",115,0.1,{"v":9.15,"d":"9.2"},{"v":177,"d":"177.0"},{"v":1052.2,"d":"1,052.2"}]
["Área em descanso","hectare",44,0.1,{"v":9.87,"d":"9.9"},98.3,434.1]
["Área complementar","hectare",194,0.1,5.5,255.7,{"v":1067.05,"d":"1,067.1"}]
["Área das UPAs com (0, 1] ha","hectare",6,0.2,{"v":0.68,"d":"0.7"},{"v":1,"d":"1.0"},4.1]
["Área das UPAs com (1, 2] ha","hectare",10,1.1,{"v":1.69,"d":"1.7"},{"v":2,"d":"2.0"},16.9]
["Área das UPAs com (2, 5] ha","hectare",36,2.1,{"v":3.66,"d":"3.7"},{"v":5,"d":"5.0"},131.7]
["Área das UPAs com (5, 10] ha","hectare",37,{"v":6,"d":"6.0"},{"v":7.58,"d":"7.6"},9.6,280.3]
["Área das UPAs com (10, 20] ha","hectare",43,10.2,{"v":15.19,"d":"15.2"},19.4,{"v":653,"d":"653.0"}]
["Área das UPAs com (20, 50] ha","hectare",39,20.4,{"v":32.28,"d":"32.3"},49.3,{"v":1259.1,"d":"1,259.1"}]
["Área das UPAs com (50, 100] ha","hectare",33,{"v":51,"d":"51.0"},{"v":73.95,"d":"74.0"},{"v":99,"d":"99.0"},{"v":2440.2,"d":"2,440.2"}]
["Área das UPAs com (100, 200] ha","hectare",21,106.4,{"v":149.06,"d":"149.1"},198.5,{"v":3130.3,"d":"3,130.3"}]
["Área das UPAs com (200, 500] ha","hectare",14,{"v":201,"d":"201.0"},{"v":295.41,"d":"295.4"},487.8,{"v":4135.7,"d":"4,135.7"}]
["Área das UPAs com (500, 1.000] ha","hectare",7,545.4,{"v":738.06,"d":"738.1"},{"v":960,"d":"960.0"},{"v":5166.4,"d":"5,166.4"}]
["Área das UPAs com (1.000, 2.000] ha","hectare",1,{"v":1000.9,"d":"1,000.9"},{"v":1000.9,"d":"1,000.9"},{"v":1000.9,"d":"1,000.9"},{"v":1000.9,"d":"1,000.9"}]
["Área das UPAs com (2.000, 5.000] ha","hectare",1,{"v":2277.6,"d":"2,277.6"},{"v":2277.6,"d":"2,277.6"},{"v":2277.6,"d":"2,277.6"},{"v":2277.6,"d":"2,277.6"}]
["Área das UPAs com (5.000, 10.000] ha","hectare","-","-","-","-","-"]
["Área das UPAs acima de 10.000 ha","hectare","-","-","-","-","-"]
["Familiares do proprietário que trabalham na UPA","unidade",107,{"v":1,"d":"1.0"},{"v":1.61,"d":"1.6"},{"v":5,"d":"5.0"},{"v":172,"d":"172.0"}]
["Trabalhadores permanentes","unidade",102,{"v":1,"d":"1.0"},{"v":8.16,"d":"8.2"},{"v":130,"d":"130.0"},{"v":832,"d":"832.0"}]
["Fonte: Secretaria de Agricultura e Abastecimento, CDRS/IEA, Projeto LUPA."]
[]
["TABELA 590.2 - Explorações Animais, Município de Tapiratiba, Estado de São Paulo, 2007/08."]
["ITEM","UNIDADE","N.DE UPAs","MÍNIMO","MÉDIO","MÁXIMO","TOTAL"]
["Apicultura","colmeias",1,{"v":40,"d":"40.0"},{"v":40,"d":"40.0"},{"v":40,"d":"40.0"},{"v":40,"d":"40.0"}]
["Asininos E Muares","cabeças",5,{"v":1,"d":"1.0"},9.8,{"v":40,"d":"40.0"},{"v":49,"d":"49.0"}]
["Avicultura de Corte","cabeças/ano",15,{"v":15,"d":"15.0"},{"v":27627.67,"d":"27,627.7"},{"v":160000,"d":"160,000.0"},{"v":414415,"d":"414,415.0"}]
["Avicultura Ornamental/Decorativa/Exótica","cabeças",1,{"v":200,"d":"200.0"},{"v":200,"d":"200.0"},{"v":200,"d":"200.0"},{"v":200,"d":"200.0"}]
["Avicultura para Ovos","cabeças",11,{"v":20,"d":"20.0"},{"v":6132.27,"d":"6,132.3"},{"v":53000,"d":"53,000.0"},{"v":67455,"d":"67,455.0"}]
["Bovinocultura de Corte","cabeças",66,{"v":3,"d":"3.0"},50.8,{"v":460,"d":"460.0"},{"v":3353,"d":"3,353.0"}]
["Bovinocultura Leiteira","cabeças",29,{"v":1,"d":"1.0"},230.9,{"v":6144,"d":"6,144.0"},{"v":6696,"d":"6,696.0"}]
["Bovinocultura Mista","cabeças",43,{"v":1,"d":"1.0"},{"v":46.07,"d":"46.1"},{"v":390,"d":"390.0"},{"v":1981,"d":"1,981.0"}]
["Caprinocultura","cabeças",1,{"v":2,"d":"2.0"},{"v":2,"d":"2.0"},{"v":2,"d":"2.0"},{"v":2,"d":"2.0"}]
["Cunicultura","cabeças",2,{"v":1,"d":"1.0"},{"v":5,"d":"5.0"},{"v":9,"d":"9.0"},{"v":10,"d":"10.0"}]
["Equinocultura","cabeças",37,{"v":1,"d":"1.0"},{"v":6.97,"d":"7.0"},{"v":69,"d":"69.0"},{"v":258,"d":"258.0"}]
["Minhocultura","canteiros",2,{"v":20,"d":"20.0"},62.5,{"v":105,"d":"105.0"},{"v":125,"d":"125.0"}]
["Ovinocultura","cabeças",8,{"v":14,"d":"14.0"},{"v":71.75,"d":"71.8"},{"v":190,"d":"190.0"},{"v":574,"d":"574.0"}]
["Suinocultura","cabeças",16,{"v":3,"d":"3.0"},{"v":36.19,"d":"36.2"},{"v":200,"d":"200.0"},{"v":579,"d":"579.0"}]
["Fonte: Secretaria de Agricultura e Abastecimento, CDRS/IEA, Projeto LUPA."]
[]
["TABELA 590.3 -  Máquinas, Implementos e Benfeitorias, Município de Tapiratiba, Estado de São Paulo, 2007/08."]
["ITEM","UNIDADE","N.DE UPAs","MÍNIMO","MÉDIO","MÁXIMO","TOTAL"]
["Arado Comum (Bacia, Aiveca)","Unidade",44,{"v":1,"d":"1.0"},{"v":1.55,"d":"1.6"},{"v":15,"d":"15.0"},{"v":68,"d":"68.0"}]
["Arado Escarificador","Unidade",6,{"v":1,"d":"1.0"},{"v":1.33,"d":"1.3"},{"v":3,"d":"3.0"},{"v":8,"d":"8.0"}]
["Arado Subsolador","Unidade",9,{"v":1,"d":"1.0"},{"v":1.22,"d":"1.2"},{"v":2,"d":"2.0"},{"v":11,"d":"11.0"}]
["Batedeira de Cereais","Unidade",3,{"v":1,"d":"1.0"},{"v":1,"d":"1.0"},{"v":1,"d":"1.0"},{"v":3,"d":"3.0"}]
["Carregadeira de Cana","Unidade",1,{"v":20,"d":"20.0"},{"v":20,"d":"20.0"},{"v":20,"d":"20.0"},{"v":20,"d":"20.0"}]
["Colhedeira Acoplada","Unidade",4,{"v":1,"d":"1.0"},{"v":1.75,"d":"1.8"},{"v":4,"d":"4.0"},{"v":7,"d":"7.0"}]
["Colhedeira Automotriz","Unidade",2,{"v":1,"d":"1.0"},{"v":4,"d":"4.0"},{"v":7,"d":"7.0"},{"v":8,"d":"8.0"}]
["Computador","Unidade",9,{"v":1,"d":"1.0"},{"v":4.89,"d":"4.9"},{"v":35,"d":"35.0"},{"v":44,"d":"44.0"}]
["Conj.Irrigação Convencional","Unidade",13,{"v":1,"d":"1.0"},{"v":1,"d":"1.0"},{"v":1,"d":"1.0"},{"v":13,"d":"13.0"}]
["Conj.Irrigação Pivot Central","Unidade",3,{"v":1,"d":"1.0"},{"v":1.67,"d":"1.7"},{"v":2,"d":"2.0"},{"v":5,"d":"5.0"}]
["Conj.Irrigação/Gotejamento/Microaspersão","Unidade",1,{"v":1,"d":"1.0"},{"v":1,"d":"1.0"},{"v":1,"d":"1.0"},{"v":1,"d":"1.0"}]
["Conjunto de Fenação","Unidade",1,{"v":8,"d":"8.0"},{"v":8,"d":"8.0"},{"v":8,"d":"8.0"},{"v":8,"d":"8.0"}]
["Desintegrador de Palha (Plantio Direto)","Unidade",4,{"v":1,"d":"1.0"},{"v":1.25,"d":"1.3"},{"v":2,"d":"2.0"},{"v":5,"d":"5.0"}]
["Desintegrador, Picador, Triturador","Unidade",58,{"v":1,"d":"1.0"},{"v":1.14,"d":"1.1"},{"v":4,"d":"4.0"},{"v":66,"d":"66.0"}]
["Distribuidor de Calcário","Unidade",15,{"v":1,"d":"1.0"},2.2,{"v":15,"d":"15.0"},{"v":33,"d":"33.0"}]
["Ensiladeira","Unidade",13,{"v":1,"d":"1.0"},{"v":1,"d":"1.0"},{"v":1,"d":"1.0"},{"v":13,"d":"13.0"}]
["Grade Aradora (Tipo Romi)","Unidade",16,{"v":1,"d":"1.0"},{"v":1.44,"d":"1.4"},{"v":4,"d":"4.0"},{"v":23,"d":"23.0"}]
["Grade Niveladora","Unidade",35,{"v":1,"d":"1.0"},{"v":1.23,"d":"1.2"},{"v":5,"d":"5.0"},{"v":43,"d":"43.0"}]
["Implementos para Tração Animal","Unidade",3,{"v":1,"d":"1.0"},{"v":1,"d":"1.0"},{"v":1,"d":"1.0"},{"v":3,"d":"3.0"}]
["Microtrator","Unidade",4,{"v":1,"d":"1.0"},{"v":1,"d":"1.0"},{"v":1,"d":"1.0"},{"v":4,"d":"4.0"}]
["Misturador de Ração","Unidade",12,{"v":1,"d":"1.0"},{"v":1.08,"d":"1.1"},{"v":2,"d":"2.0"},{"v":13,"d":"13.0"}]
["Ordenhadeira Mecânica","Unidade",7,{"v":1,"d":"1.0"},{"v":1.14,"d":"1.1"},{"v":2,"d":"2.0"},{"v":8,"d":"8.0"}]
["Pulverizador Tratorizado","Unidade",29,{"v":1,"d":"1.0"},{"v":1.52,"d":"1.5"},{"v":10,"d":"10.0"},{"v":44,"d":"44.0"}]
["Resfriador de Leite, Tanque Expansão","Unidade",3,{"v":1,"d":"1.0"},{"v":1,"d":"1.0"},{"v":1,"d":"1.0"},{"v":3,"d":"3.0"}]
["Semeadeira/Adubadeira para Plantio Convencional","Unidade",20,{"v":1,"d":"1.0"},1.2,{"v":3,"d":"3.0"},{"v":24,"d":"24.0"}]
["Semeadeira/Plantadeira Plantio Direto","Unidade",9,{"v":1,"d":"1.0"},{"v":1.56,"d":"1.6"},{"v":4,"d":"4.0"},{"v":14,"d":"14.0"}]
["Terraceador","Unidade",1,{"v":1,"d":"1.0"},{"v":1,"d":"1.0"},{"v":1,"d":"1.0"},{"v":1,"d":"1.0"}]
["Trator de Esteiras","Unidade",2,{"v":1,"d":"1.0"},1.5,{"v":2,"d":"2.0"},{"v":3,"d":"3.0"}]
["Trator de Pneus","Unidade",58,{"v":1,"d":"1.0"},{"v":2.45,"d":"2.5"},{"v":36,"d":"36.0"},{"v":142,"d":"142.0"}]
["Açude/Represa","Unidade",87,{"v":1,"d":"1.0"},{"v":2,"d":"2.0"},{"v":11,"d":"11.0"},{"v":174,"d":"174.0"}]
["Alambique","Unidade",3,{"v":1,"d":"1.0"},{"v":1,"d":"1.0"},{"v":1,"d":"1.0"},{"v":3,"d":"3.0"}]
["Almoxarifado/Oficina","Unidade",18,{"v":1,"d":"1.0"},{"v":1.11,"d":"1.1"},{"v":2,"d":"2.0"},{"v":20,"d":"20.0"}]
["Armazém para Grãos Ensacados","Sacas",14,{"v":1,"d":"1.0"},{"v":643.86,"d":"643.9"},{"v":9000,"d":"9,000.0"},{"v":9014,"d":"9,014.0"}]
["Balança para Bovinos","Unidade",7,{"v":1,"d":"1.0"},{"v":1,"d":"1.0"},{"v":1,"d":"1.0"},{"v":7,"d":"7.0"}]
["Balança para Veículos","Unidade",3,{"v":1,"d":"1.0"},{"v":1,"d":"1.0"},{"v":1,"d":"1.0"},{"v":3,"d":"3.0"}]
["Barracão para Granja/Avicultura","Unidade",16,{"v":1,"d":"1.0"},{"v":3.38,"d":"3.4"},{"v":14,"d":"14.0"},{"v":54,"d":"54.0"}]
["Barracão/Galpão/Garagem","Unidade",90,{"v":1,"d":"1.0"},{"v":1.13,"d":"1.1"},{"v":2,"d":"2.0"},{"v":102,"d":"102.0"}]
["Biodigestor","Unidade",8,{"v":1,"d":"1.0"},{"v":1.75,"d":"1.8"},{"v":3,"d":"3.0"},{"v":14,"d":"14.0"}]
["Casa de Moradia Habitada","Unidade",148,{"v":1,"d":"1.0"},{"v":3.51,"d":"3.5"},{"v":45,"d":"45.0"},{"v":520,"d":"520.0"}]
["Casa de Moradia Total","Unidade",156,{"v":1,"d":"1.0"},{"v":4.35,"d":"4.4"},{"v":46,"d":"46.0"},{"v":679,"d":"679.0"}]
["Curral/Mangueira","Unidade",53,{"v":1,"d":"1.0"},{"v":1.08,"d":"1.1"},{"v":3,"d":"3.0"},{"v":57,"d":"57.0"}]
["Depósito/Tulha","Unidade",79,{"v":1,"d":"1.0"},{"v":1.68,"d":"1.7"},{"v":8,"d":"8.0"},{"v":133,"d":"133.0"}]
["Estábulo","Unidade",20,{"v":1,"d":"1.0"},{"v":1,"d":"1.0"},{"v":1,"d":"1.0"},{"v":20,"d":"20.0"}]
["Fábrica de Ração","Unidade",4,{"v":1,"d":"1.0"},{"v":1,"d":"1.0"},{"v":1,"d":"1.0"},{"v":4,"d":"4.0"}]
["Instalações para Equinos","Unidade",4,{"v":1,"d":"1.0"},{"v":1.25,"d":"1.3"},{"v":2,"d":"2.0"},{"v":5,"d":"5.0"}]
["Máquina de Benefício","Unidade",28,{"v":1,"d":"1.0"},{"v":1,"d":"1.0"},{"v":1,"d":"1.0"},{"v":28,"d":"28.0"}]
["Pocilga","Unidade",8,{"v":1,"d":"1.0"},1.5,{"v":5,"d":"5.0"},{"v":12,"d":"12.0"}]
["Poço Semi-Artesiano","Unidade",8,{"v":1,"d":"1.0"},{"v":1.13,"d":"1.1"},{"v":2,"d":"2.0"},{"v":9,"d":"9.0"}]
["Posto Meteorológico","Unidade",1,{"v":1,"d":"1.0"},{"v":1,"d":"1.0"},{"v":1,"d":"1.0"},{"v":1,"d":"1.0"}]
["Secador de Grãos","Unidade",24,{"v":1,"d":"1.0"},{"v":1.96,"d":"2.0"},{"v":15,"d":"15.0"},{"v":47,"d":"47.0"}]
["Silo para Grãos","t",6,{"v":1,"d":"1.0"},{"v":534.67,"d":"534.7"},{"v":3200,"d":"3,200.0"},{"v":3208,"d":"3,208.0"}]
["Silo para Silagem","t",9,{"v":1,"d":"1.0"},{"v":4725.44,"d":"4,725.4"},{"v":40000,"d":"40,000.0"},{"v":42529,"d":"42,529.0"}]
["Terreiro","m²",53,{"v":1,"d":"1.0"},{"v":1663.72,"d":"1,663.7"},{"v":9000,"d":"9,000.0"},{"v":88177,"d":"88,177.0"}]
["Usina de Açúcar/destilaria","Unidade",2,{"v":1,"d":"1.0"},{"v":1,"d":"1.0"},{"v":1,"d":"1.0"},{"v":2,"d":"2.0"}]
["Fonte: Secretaria de Agricultura e Abastecimento, CDRS/IEA, Projeto LUPA."]
[]
["TABELA 590.4 - Outras Estatísticas Agrícolas, Município de Tapiratiba, Estado de São Paulo, 2007/08."]
["ITEM","Número de UPAs",null,"Percentual"]
["Faz Parte de Associação de Produtores",30,null,{"v":12.096774193548386,"d":"12.1"}]
["Faz Parte de Cooperativa de Produtores",73,null,{"v":29.43548387096774,"d":"29.4"}]
["Faz Parte do Sindicato de Produtores",34,null,{"v":13.70967741935484,"d":"13.7"}]
["Não utiliza assistência técnica ",112,null,{"v":45.16129032258065,"d":"45.2"}]
["Utiliza somente assistência técnica governamental ",53,null,{"v":21.370967741935484,"d":"21.4"}]
["Utiliza somente assistência técnica privada ",51,null,{"v":20.56451612903226,"d":"20.6"}]
["Utiliza assistência técnica tanto governamental quanto privada",32,null,{"v":12.903225806451614,"d":"12.9"}]
["Utiliza Crédito Rural",70,null,{"v":28.225806451612904,"d":"28.2"}]
["Utiliza Seguro Rural",36,null,{"v":14.516129032258064,"d":"14.5"}]
["Utiliza Escrituração Agrícola",123,null,{"v":49.596774193548384,"d":"49.6"}]
["Acessa Internet p/ Fins na Agropecuária",44,null,{"v":17.741935483870968,"d":"17.7"}]
["Utiliza Computador nas Atividades Agropecuárias",44,null,{"v":17.741935483870968,"d":"17.7"}]
["Utiliza Energia Elétrica Para Uso na Atividade Agrícola",178,null,{"v":71.77419354838709,"d":"71.8"}]
["Realiza Análise de Solo, quando necessário",77,null,{"v":31.048387096774196,"d":"31.0"}]
["Utiliza Práticas de Conservação de Solo, quando necessário",62,null,{"v":25,"d":"25.0"}]
["Faz Adubação Mineral, quando necessário",110,null,{"v":44.35483870967742,"d":"44.4"}]
["Faz Adubação Orgânica, quando necessário",46,null,{"v":18.548387096774196,"d":"18.5"}]
["Faz Adubação Verde, quando necessário",12,null,{"v":4.838709677419355,"d":"4.8"}]
["Utiliza Manejo Integrado de Pragas (MIP)",12,null,{"v":4.838709677419355,"d":"4.8"}]
["Utiliza Hidroponia","-",null,"-"]
["Utiliza Plasticultura","-",null,"-"]
["Utiliza Mudas Fiscalizadas",64,null,{"v":25.806451612903228,"d":"25.8"}]
["Utiliza Semente Melhorada",79,null,{"v":31.85483870967742,"d":"31.9"}]
["Faz Confinamento de Bovinos",4,null,{"v":1.6129032258064517,"d":"1.6"}]
["Utiliza Pastejo Intensivo",95,null,{"v":38.306451612903224,"d":"38.3"}]
["Faz Inseminação Artificial",2,null,{"v":0.8064516129032259,"d":"0.8"}]
["Faz Mineralização do Rebanho",85,null,{"v":34.274193548387096,"d":"34.3"}]
["Faz Vermifugação do Rebanho",83,null,{"v":33.46774193548387,"d":"33.5"}]
["Possui Parceiros /Arrendatários na Exploração Animal",11,null,{"v":4.435483870967742,"d":"4.4"}]
["Esporte e lazer","-",null,"-"]
["Extração mineral","-",null,"-"]
["Hotel Fazenda, Pousada ou SPA","-",null,"-"]
["Pesque-pague",1,null,{"v":0.40322580645161293,"d":"0.4"}]
["Restaurante ou Lanchonete","-",null,"-"]
["Transformação artesanal","-",null,"-"]
["Turismo rural ou ecoturismo","-",null,"-"]
["Outras atividades econômicas rurais","-",null,"-"]
["Agroindústria",2,null,{"v":0.8064516129032259,"d":"0.8"}]
["Proprietário sem instrução ou com instrução incompleta",7,null,{"v":2.8225806451612905,"d":"2.8"}]
["Proprietário com antigo primário completo",79,null,{"v":31.85483870967742,"d":"31.9"}]
["Proprietário com 1° grau (ou antigo ginasial) completo",29,null,{"v":11.693548387096774,"d":"11.7"}]
["Proprietário com 2° grau (ou antigo colegial) completo",43,null,{"v":17.338709677419352,"d":"17.3"}]
["Proprietário com curso superior completo ",82,null,{"v":33.064516129032256,"d":"33.1"}]
["Pessoa Jurídica",8,null,{"v":3.2258064516129035,"d":"3.2"}]
["Proprietário residente na própria UPA ",52,null,{"v":20.967741935483872,"d":"21.0"}]
["Fonte: Secretaria de Agricultura e Abastecimento, CDRS/IEA, Projeto LUPA."]
[]
["TABELA 590.5 - Área Cultivada, Município de Tapiratiba, Estado de São Paulo, 2007/08."]
["CULTURA","N.DE UPAs","MÍNIMO","MÉDIO","MÁXIMO","TOTAL"]
["Braquiaria",175,0.2,30.6,580.2,{"v":5355.1,"d":"5,355.1"}]
["Cana-de-acucar",78,0.1,{"v":48.22,"d":"48.2"},387.4,{"v":3761.5,"d":"3,761.5"}]
["Cafe",71,0.1,{"v":36.42,"d":"36.4"},404.6,{"v":2585.7,"d":"2,585.7"}]
["Milho",71,0.1,{"v":10.03,"d":"10.0"},{"v":140,"d":"140.0"},{"v":712,"d":"712.0"}]
["Gramas",60,0.1,11.8,100.4,707.8]
["Eucalipto",51,0.1,13.5,169.4,688.7]
["Milho-silagem",2,{"v":50,"d":"50.0"},{"v":223.05,"d":"223.1"},396.1,446.1]
["Capim-napier (ou capim-elefante)",18,0.5,{"v":15.55,"d":"15.6"},{"v":80,"d":"80.0"},279.9]
["Coloniao",6,{"v":1,"d":"1.0"},{"v":35.92,"d":"35.9"},{"v":95,"d":"95.0"},215.5]
["Outras gramineas para pastagem",9,0.5,{"v":15.83,"d":"15.8"},{"v":30,"d":"30.0"},142.5]
["Bucha",9,0.1,{"v":10.02,"d":"10.0"},47.5,90.2]
["Feijao",9,0.1,{"v":8.27,"d":"8.3"},{"v":70,"d":"70.0"},74.4]
["Capim-gordura",7,{"v":1,"d":"1.0"},{"v":8.13,"d":"8.1"},18.2,56.9]
["Capim-jaragua",3,3.4,{"v":10.07,"d":"10.1"},21.3,30.2]
["Beterraba",3,0.4,{"v":9.47,"d":"9.5"},{"v":25,"d":"25.0"},28.4]
["Cenoura",2,{"v":1,"d":"1.0"},{"v":13,"d":"13.0"},{"v":25,"d":"25.0"},{"v":26,"d":"26.0"}]
["Nabica (v)",1,14.6,14.6,14.6,14.6]
["Setaria",1,{"v":5,"d":"5.0"},{"v":5,"d":"5.0"},{"v":5,"d":"5.0"},{"v":5,"d":"5.0"}]
["Repolho",5,0.1,{"v":0.72,"d":"0.7"},{"v":3,"d":"3.0"},3.6]
["Couve-flor",2,0.4,1.7,{"v":3,"d":"3.0"},3.4]
["Cebola",1,{"v":3,"d":"3.0"},{"v":3,"d":"3.0"},{"v":3,"d":"3.0"},{"v":3,"d":"3.0"}]
["Pimentao",4,0.1,{"v":0.73,"d":"0.7"},{"v":2,"d":"2.0"},2.9]
["Abobora (ou jerimum)",4,0.1,{"v":0.65,"d":"0.7"},{"v":2,"d":"2.0"},2.6]
["Tangerina",1,2.5,2.5,2.5,2.5]
["Tomate envarado",3,0.1,0.7,{"v":1,"d":"1.0"},2.1]
["Maracuja",1,{"v":2,"d":"2.0"},{"v":2,"d":"2.0"},{"v":2,"d":"2.0"},{"v":2,"d":"2.0"}]
["Alface",4,0.1,{"v":0.25,"d":"0.3"},0.4,{"v":1,"d":"1.0"}]
["Juta",1,{"v":1,"d":"1.0"},{"v":1,"d":"1.0"},{"v":1,"d":"1.0"},{"v":1,"d":"1.0"}]
["Pomar domestico",4,0.1,{"v":0.25,"d":"0.3"},0.4,{"v":1,"d":"1.0"}]
["Banana",4,0.1,{"v":0.23,"d":"0.2"},0.5,0.9]
["Berinjela",3,0.1,{"v":0.23,"d":"0.2"},0.5,0.7]
["Pepino",3,0.1,{"v":0.23,"d":"0.2"},0.4,0.7]
["Feijao-vagem (ou vagem, ou feijao-verde)",2,0.3,0.3,0.3,0.6]
["Jabuticaba",3,0.1,0.2,0.3,0.6]
["Laranja",2,0.1,{"v":0.15,"d":"0.2"},0.2,0.3]
["Quiabo",2,0.1,{"v":0.15,"d":"0.2"},0.2,0.3]
["Brocolos (ou brocolis)",1,0.2,0.2,0.2,0.2]
["Pupunha",1,0.2,0.2,0.2,0.2]
["Feijao-adzuki (ou azuki)",1,0.2,0.2,0.2,0.2]
["Abacate",1,0.2,0.2,0.2,0.2]
["Amendoim",1,0.1,0.1,0.1,0.1]
["Mandioca",1,0.1,0.1,0.1,0.1]
["Horta domestica",1,0.1,0.1,0.1,0.1]
["Fonte: Secretaria de Agricultura e Abastecimento, CDRS/IEA, Projeto LUPA."]